000 02282aam a2200361 i 4500
001 768714001
003 CO-MdFUSB
005 20250910114754.0
007 ta
008 250825t19961993-us |||| |||| 00| 0 spa d
020 _a1-56063-947-4
040 _cCO-MdFUSB
041 0 _aspa
_heng
082 0 4 _223
_a248.844
_bL183c
100 1 _aLaHaye, Tim
_eautor
240 _aAgainst the tide : how to raise sexually pure kids in an "anything-goes" world
245 1 0 _aContra la corriente :
_bCómo criar niños sexualmente puros en un mundo donde cualquier cosa es aceptable
_c/ Tim Lahaye , Beverly LaHaye ; traducido por Nellyda Pablosvsky
250 _aprimera edición
264 1 _bUnilit,
_aMiami, FL., USA :
_c[1996]
264 4 _c©1996
300 _a279 páginas
336 _atexto
_btxt
_2rdacontent
337 _2rdamedia
_asin mediación
_bn
338 _2rdacarrier
_avolumen
_bnc
505 _gParte I:
_tUn llamado a la virtud:
_aLa virtud: el sueño de todos los padres. -- Cómo criar niños y niñas virtuosos.
_gParte II:
_tQué deben saber en materia de sexo los niños y las niñas:
_a Hasta los que recién empiezan a caminar sienten curiosidad por el sexo. -- Preescolares: de los 4 a los 5 años de edad. -- A mediados de la niñez: de los 6 a los 10 años. -- Antes de la adolescencia: de los 11 a los 13 años.
_gParte III:
_tCómo enseñar pureza sexual a los adolescentes:
_aEnseñando sobre el sexo a sus adolescentes. -- Cómo ayudar a sus adolescentes a ser virtuoso. -- Guías para las salidas en pareja. -- Lo que las niñas necesitan saber antes de salir en pareja. -- Lo que los niños necesitan saber antes de salir en pareja. -- Los adolescentes cristianos opinan que sus padres debieran saber estas cosas sobre el sexo.
_gParte IV:
_t Algunas preocupaciones especiales:
_aProteja a sus hijos e hijas del maltrato sexual. -- El mito del sexo seguro. -- Qué hacer si su peor pesadilla se vuelve realidad. -- Padres y madres solteros también quieren hijos e hijas virtuosos.
563 _aRústico
650 7 _aEducación cristiana
_9349
653 _aEducación sexual -- Vida cristiana
700 _aLaHaye, Beverly,
_911858
_eautor
700 _aPablosvsky, Nellyda,
_911859
_etraductor
942 _cBK
945 _aJTF-925
999 _c32827
_d32827